ბათუმის შოთა რუსთაველის სახელმწიფო უნივერსიტეტის ბიბლიოთეკა

Современный менеджмент (ბიბ.ჩანაწერი № 35209)

000 -LEADER
fixed length control field 00748nam a2200241Ia 4500
001 - CONTROL NUMBER
control field 1055
003 - CONTROL NUMBER IDENTIFIER
control field GE_BSU
008 - FIXED-LENGTH DATA ELEMENTS--GENERAL INFORMATION
fixed length control field 181216s||||||||xx |||||||||||||| ||und||
020 ## - INTERNATIONAL STANDARD BOOK NUMBER
International Standard Book Number 5282024918
040 ## - CATALOGING SOURCE
Transcribing agency GE_BSU
080 ## - UNIVERSAL DECIMAL CLASSIFICATION NUMBER
Universal Decimal Classification number 658
245 ## - TITLE STATEMENT
Title Современный менеджмент
245 ## - TITLE STATEMENT
Remainder of title Сборник кейсов из коллекции Школы бизнеса имени Ричарда Айви.Акад. народного хоз-ва
245 ## - TITLE STATEMENT
Statement of responsibility, etc. Сост.Т.А.Дробышевская
260 ## - PUBLICATION, DISTRIBUTION, ETC.
Place of publication, distribution, etc. Москва
260 ## - PUBLICATION, DISTRIBUTION, ETC.
Name of publisher, distributor, etc. Экономика
260 ## - PUBLICATION, DISTRIBUTION, ETC.
Date of publication, distribution, etc. 2005
300 ## - PHYSICAL DESCRIPTION
Extent 463тр.
653 ## - INDEX TERM--UNCONTROLLED
Uncontrolled term Менеджмент
653 ## - INDEX TERM--UNCONTROLLED
Uncontrolled term Современный менеджмент
942 ## - ADDED ENTRY ELEMENTS (KOHA)
Koha item type წიგნი
ეგზემპლარები
Withdrawn status Lost status Damaged status Not for loan Date acquired Barcode Date last seen Price effective from Koha item type
        2018-12-17 1022 2018-12-17 2018-12-17 წიგნი